Responses for show #6639 - Thursday, June 27, 2013

Contestants

[<< previous game]

Darryl Campbell, a data analyst from Seattle, Washington

Laura Amundson, a former criminal defense attorney from Des Moines, Iowa

Gabe Gales, a research analyst from Cincinnati, Ohio (whose 1-day cash winnings total $27,950)

[next game >>]

Jeopardy! Round responses

SUMMER FUN
(Alex: Hey, it's that time, isn't it?)
MOVIE TITLE OVERLAPS
SHAKESPEARE--ACT II, SCENE 1
(Alex: You identify the play for us.)
BODY PARTS
GO "C" THE COUNTRY
(Alex: Each country will begin with the letter C.)
WORDS OF WONDER
    $200 30
solstice

Darryl
    $200 1
Steel

Darryl
    $200 11
Julius Caesar

Laura
    $200 12
the eyes

Darryl
    $200 2
China

Gabe
    $200 17
marvel

Gabe
    $400 28
Hercules

Gabe
    $400 3
Diary

Darryl
    $1,200 13
The Tempest

Darryl
    $400 18
stomach

Darryl
    $400 4
Canada

Laura
    $400 29
awe

Darryl
    $600 26
hot dogs

Gabe
    $600 7
Home

Darryl
    $600 14
The Taming of the Shrew

Laura
    $600 19
feet

Gabe
    $600 5
Croatia

Darryl
    $600 27
ponder

Laura
    $800 25
highland

Darryl
    $800 9
Knight

Darryl
    $800 15
King Lear

Laura
    $800 22
hammy

Gabe
    $800 6
Cambodia

Gabe
    $800 21
surprise

Triple Stumper
    $1000 24
summer stock

Triple Stumper
    $1000 10
Dead

Darryl
    $1000 16
Othello

Gabe
    $1000 23
neck

Gabe
    $1000 8
(Alex: Oh, you're drawing a blank on something that seems so easy. What is [*]? That's the "C" country in the Caribbean.

Cuba

Triple Stumper
    $1000 20
astonish

Triple Stumper

Scores at the first commercial break (after clue 15):

Gabe Laura Darryl
$1,000 $2,000 $5,000

Scores at the end of the Jeopardy! Round:

Gabe Laura Darryl
$5,600 $2,600 $6,800

Double Jeopardy! Round responses

AMERICAN LIVES
ISLAND NAMES
GEOLOGY
ADDEND"UM"
(Alex: In [*] you notice the "U-M" in quotation marks at the end of the word. That's because each correct response will end in those two letters.)
COLLEGES WITH MASS. APPEAL
WORDS OF STEVIE WONDER
    $400 1
Thomas Edison

Darryl
    $400 27
Greenland

Gabe
    $400 6
river

Laura
    $400 14
premium

Darryl
    $400 11
Harvard

Laura
    $400 26
the sunshine of my life

Laura
    $800 2
J. Edgar Hoover

Laura
    $800 29
Martha's Vineyard

Gabe
    $800 7
mantle

Laura
    $800 15
delirium

Darryl
    $800 12
(Gabe: What's Emerson?)

Amherst

Gabe
Triple Stumper
    $800 25
superstitious

Darryl
    $1200 3
Diana Ross

Laura
    $1200 21
Capri

Gabe
    $1200 8
boulder

Darryl
    $1200 16
Ketchum

Triple Stumper
    $1200 13
Smith

Triple Stumper
    $1200 24
signed, sealed, delivered

Darryl
    $4,000 4
Eleanor Roosevelt

Laura
    $1600 20
Reunion

Triple Stumper
    $1600 9
Sugarloaf

Laura
    $1600 17
plectrum

Darryl
    $3,000 28
(Gabe: What's M.I.T.?)

Brandeis

Gabe
    $1600 23
"My Cherie Amour"

Darryl
    $2000 5
Mathew Brady

Laura
    $2000 19
Majorca and Minorca

Gabe
    $2000 10
(Darryl: What is the north pole?)
(Alex: Be more specific.)
(Darryl: [*].)

the magnetic north pole

Darryl
    $2000 18
rostrum

Gabe
    $2000 30
(Laura: What is Boston College?)

Holy Cross

Laura
Triple Stumper
    $2000 22
(Alex: [*] I have someone who needs me.)

"For Once In My Life"

Triple Stumper

Scores at the end of the Double Jeopardy! Round:

Gabe Laura Darryl
$8,200 $12,200 $16,800

[wagering suggestions for these scores]

Final Jeopardy! Round responses

TRANSPORTATION
(Alex: [Before revealing the responses] And it was all because this new fad gave them a feeling of freedom and self-reliance.)
GabeWhat is roller skating?
$1,300
LauraWhat is the bicycle?
$8,195
DarrylWhat is the Sunday drive?
$7,601
the bicycle

Final scores:

Gabe Laura Darryl
$6,900 $20,395 $9,199
3rd place: $1,000 New champion: $20,395 2nd place: $2,000

Game dynamics:

Coryat scores:

Gabe Laura Darryl
$11,200 $9,800 $16,000
14 R,
2 W
(including 1 DD)
14 R
(including 1 DD),
1 W
21 R
(including 1 DD),
0 W

Combined Coryat: $37,000

The J! Archive is created by fans, for fans. The Jeopardy! game show and all elements thereof, including but not limited to copyright and trademark thereto, are the property of Jeopardy Productions, Inc. and are protected under law. This website is not affiliated with, sponsored by, or operated by Jeopardy Productions, Inc. Join the discussion at JBoard.tv.